<?xml version="1.0" encoding="UTF-8"?>
<record
    xmlns:xsi="http://www.w3.org/2001/XMLSchema-instance"
    xsi:schemaLocation="http://www.loc.gov/MARC21/slim http://www.loc.gov/standards/marcxml/schema/MARC21slim.xsd"
    xmlns="http://www.loc.gov/MARC21/slim">

  <leader>03254nam a22003977a 4500</leader>
  <controlfield tag="003">DO-SdBNP</controlfield>
  <controlfield tag="005">20230308115615.0</controlfield>
  <controlfield tag="007">ta</controlfield>
  <controlfield tag="008">230302b2007    dr ||||| |||| 00| 0 spa d</controlfield>
  <datafield tag="040" ind1=" " ind2=" ">
    <subfield code="a">DO-SdBNP</subfield>
    <subfield code="b">spa</subfield>
    <subfield code="c">BNPHU</subfield>
  </datafield>
  <datafield tag="082" ind1=" " ind2="4">
    <subfield code="a">323.352</subfield>
    <subfield code="b">R426c, 2007</subfield>
    <subfield code="2">22</subfield>
  </datafield>
  <datafield tag="110" ind1="1" ind2=" ">
    <subfield code="a">Rep&#xFA;blica Dominicana.</subfield>
    <subfield code="9">447</subfield>
  </datafield>
  <datafield tag="240" ind1="1" ind2="0">
    <subfield code="a">[Leyes, etc.].</subfield>
  </datafield>
  <datafield tag="245" ind1="1" ind2="0">
    <subfield code="a">C&#xF3;digo para el sistema de protecci&#xF3;n y los derechos fundamentales de ni&#xF1;os, ni&#xF1;as y adolescentes, concordado con las normativas nacional e internacional &amp; compendio de los principales instrumentos internacionales de derechos humanos relativos a la ni&#xF1;ez y a la adolescencia /</subfield>
    <subfield code="c">compiladores Mirta Duarte y Juan Sabino ; pr&#xF3;logo V&#xED;ctor Jos&#xE9; Castellano Estrella ; coordinaci&#xF3;n y presentaci&#xF3;n Alejandro Moscoso Segarra ; colaboradores Milagro Pichardo y Sonne Beltr&#xE9;.</subfield>
  </datafield>
  <datafield tag="260" ind1=" " ind2=" ">
    <subfield code="a">Santo Domingo :</subfield>
    <subfield code="b">Comisionado de Apoyo a la Reforma y Modernizaci&#xF3;n de la Justicia,</subfield>
    <subfield code="c">2007.</subfield>
  </datafield>
  <datafield tag="300" ind1=" " ind2=" ">
    <subfield code="a">xxxiii, 616 p. ;</subfield>
    <subfield code="c">28 cm.</subfield>
  </datafield>
  <datafield tag="504" ind1=" " ind2=" ">
    <subfield code="a">Bibliograf&#xED;a : p. 615-616</subfield>
  </datafield>
  <datafield tag="505" ind1="0" ind2=" ">
    <subfield code="a">Presentaci&#xF3;n --</subfield>
    <subfield code="r">Alejandro Moscoso Segarra --</subfield>
    <subfield code="g">Pr&#xF3;logo /</subfield>
    <subfield code="r">V&#xED;ctor Jos&#xE9; Castellano Estrella --</subfield>
    <subfield code="t">I.-C&#xF3;digo para el sistema de protecci&#xF3;n y los derechos fundamentales de ni&#xF1;os, ni&#xF1;as y adolescentes:</subfield>
    <subfield code="t">Definiciones, sistema de protecci&#xF3;n y derechos fundamentales de ni&#xF1;os, ni&#xF1;as y adolescentes --</subfield>
    <subfield code="t">Derecho de Familia --</subfield>
    <subfield code="t">De la jurisdicci&#xF3;n de ni&#xF1;os, ni&#xF1;as y adolescentes --</subfield>
    <subfield code="t">Consejo Nacional para la Ni&#xF1;ez y la Adolescencia (CONANI) y medidas de protecci&#xF3;n y restituci&#xF3;n de derechos --</subfield>
    <subfield code="t">II.-Compendio de los principales instrumentos internacionales de derechos humanos relativos a la ni&#xF1;ez y a la adolescencia:</subfield>
    <subfield code="t">Sistema Interamericano de derechos humanos --</subfield>
    <subfield code="t">Sistema de las Naciones Unidas --</subfield>
    <subfield code="t">C&#xF3;digo de Derecho Internacional Privado (C&#xF3;digo Bustamante) --</subfield>
    <subfield code="t">Resoluciones de la Suprema Corte de Justicia --</subfield>
    <subfield code="t">Proyecto de Ley que modificar&#xED;a los art&#xED;culos 174, 176, 178, 181, 187, 192, 194, 195, 197 y 198 de la ley 136-03, que atribuye competencia a los Juzgados de Paz para conocer asuntos de alimentos --</subfield>
    <subfield code="t">Constituci&#xF3;n Pol&#xED;tica de la Rep&#xFA;blica Dominicana --</subfield>
    <subfield code="t">Instrumentos internacionales de Protecci&#xF3;n de los Derechos Humanos ratificados - firmados por la Rep&#xFA;blica Dominicana --</subfield>
    <subfield code="g">Siglas de referencia.</subfield>
  </datafield>
  <datafield tag="590" ind1=" " ind2=" ">
    <subfield code="a">Inventariado, 2023/BT</subfield>
  </datafield>
  <datafield tag="650" ind1=" " ind2="4">
    <subfield code="a">Administraci&#xF3;n de justicia para menores</subfield>
    <subfield code="x">Legislaci&#xF3;n</subfield>
    <subfield code="z">Rep&#xFA;blica Dominicana</subfield>
    <subfield code="9">17169</subfield>
  </datafield>
  <datafield tag="650" ind1=" " ind2="4">
    <subfield code="a">Asistencia p&#xFA;blica</subfield>
    <subfield code="x">Legislaci&#xF3;n</subfield>
    <subfield code="9">17170</subfield>
  </datafield>
  <datafield tag="650" ind1=" " ind2="4">
    <subfield code="a">Derecho de familia</subfield>
    <subfield code="x">Legislaci&#xF3;n</subfield>
    <subfield code="z">Rep&#xFA;blica Dominicana</subfield>
    <subfield code="9">17171</subfield>
  </datafield>
  <datafield tag="650" ind1=" " ind2="4">
    <subfield code="a">Trabajo social con ni&#xF1;os</subfield>
    <subfield code="x">Legislaci&#xF3;n</subfield>
    <subfield code="9">17172</subfield>
  </datafield>
  <datafield tag="650" ind1=" " ind2="4">
    <subfield code="a">Ni&#xF1;os</subfield>
    <subfield code="x">Situaci&#xF3;n legal</subfield>
    <subfield code="9">5138</subfield>
  </datafield>
  <datafield tag="650" ind1=" " ind2="4">
    <subfield code="a">Leyes</subfield>
    <subfield code="z">Rep&#xFA;blica Dominicana</subfield>
    <subfield code="9">3033</subfield>
  </datafield>
  <datafield tag="651" ind1=" " ind2="4">
    <subfield code="a">Rep&#xFA;blica Dominicana</subfield>
    <subfield code="x">Ley 136-03</subfield>
    <subfield code="9">17173</subfield>
  </datafield>
  <datafield tag="700" ind1="1" ind2=" ">
    <subfield code="a">Duarte, Mirta,</subfield>
    <subfield code="e">compiladora</subfield>
    <subfield code="9">17174</subfield>
  </datafield>
  <datafield tag="700" ind1="1" ind2=" ">
    <subfield code="a">Sabino, Juan,</subfield>
    <subfield code="e">compilador</subfield>
    <subfield code="9">17175</subfield>
  </datafield>
  <datafield tag="700" ind1="1" ind2=" ">
    <subfield code="a">Castellano Estrella, V&#xED;ctor Jos&#xE9;,</subfield>
    <subfield code="e">pr&#xF3;logo </subfield>
    <subfield code="9">17176</subfield>
  </datafield>
  <datafield tag="700" ind1="1" ind2=" ">
    <subfield code="a">Pichardo, Milagros,</subfield>
    <subfield code="e">colaboradora</subfield>
    <subfield code="9">17177</subfield>
  </datafield>
  <datafield tag="700" ind1="1" ind2=" ">
    <subfield code="a">Beltr&#xE9;, Sonne,</subfield>
    <subfield code="e">colaboradora</subfield>
    <subfield code="9">17178</subfield>
  </datafield>
  <datafield tag="710" ind1="1" ind2=" ">
    <subfield code="a">Rep&#xFA;blica Dominicana.</subfield>
    <subfield code="b">Comisionado de Apoyo a la Reforma y Modernizaci&#xF3;n de la Justicia</subfield>
    <subfield code="9">17179</subfield>
  </datafield>
  <datafield tag="710" ind1="2" ind2=" ">
    <subfield code="a">Fondo de las Naciones Unidas para la Infancia</subfield>
    <subfield code="9">9270</subfield>
  </datafield>
  <datafield tag="910" ind1=" " ind2=" ">
    <subfield code="a">Btav&#xE1;rez</subfield>
  </datafield>
  <datafield tag="942" ind1=" " ind2=" ">
    <subfield code="2">ddc</subfield>
    <subfield code="c">LBS1</subfield>
  </datafield>
  <datafield tag="952" ind1=" " ind2=" ">
    <subfield code="0">0</subfield>
    <subfield code="1">0</subfield>
    <subfield code="2">ddc</subfield>
    <subfield code="5">1</subfield>
    <subfield code="7">0</subfield>
    <subfield code="8">PD</subfield>
    <subfield code="a">BNPHU</subfield>
    <subfield code="b">BNPHU</subfield>
    <subfield code="c">CT</subfield>
    <subfield code="d">2023-03-02</subfield>
    <subfield code="e">Donaci&#xF3;n</subfield>
    <subfield code="l">0</subfield>
    <subfield code="o">BNPHU PD 323.352 R426c, 2007</subfield>
    <subfield code="p">2023-1135</subfield>
    <subfield code="r">2023-03-02</subfield>
    <subfield code="w">2023-03-02</subfield>
    <subfield code="y">LBS1</subfield>
  </datafield>
  <datafield tag="999" ind1=" " ind2=" ">
    <subfield code="c">53142</subfield>
    <subfield code="d">53142</subfield>
  </datafield>
</record>
